| 000 | 01107nac a22002771u 4500 | ||
|---|---|---|---|
| 010 | _a 97045732 | ||
| 020 | _a0750690887 (alk. paper) | ||
| 082 | 0 | 0 |
_a620.0042 _bWAL |
| 090 |
_c6015 _d6015 |
||
| 100 | _aWalker, N. Edward. | ||
| 245 | 1 | 4 |
_aThe design analysis handbook : _ba practical guide to design validation / _cN. Edward Walker. |
| 250 | _aRev. ed. | ||
| 260 |
_aBoston : _bNewnes,c.1998. _cc.1998. |
||
| 300 |
_axv, 246 p. : _bill. ; _c25 cm. |
||
| 500 | _aDistributer: Al-Ahram. | ||
| 504 | _aIncludes bibliographical references (p. 218-221) and index. | ||
| 511 | _aCatalogued By: Mahitab. | ||
| 650 | 0 | _aEngineering design. | |
| 650 | 0 | _aQuality control. | |
| 650 | 0 | _aElectronic circuit design. | |
| 650 | 0 | _aReliability (Engineering) | |
| 856 | 4 | 2 |
_3Publisher description _uhttp://www.loc.gov/catdir/description/els032/97045732.html |
| 856 | 4 | 2 |
_3Table of contents _uhttp://www.loc.gov/catdir/toc/els032/97045732.html |
| 942 |
_cBB _k620.0042WAL |
||
| 999 |
_c6015 _d6015 |
||